<?xml version="1.0" encoding="UTF-8"?>
<collection xmlns="http://www.loc.gov/MARC21/slim">
 <record>
  <leader>01448nam a2200277 a 4500</leader>
  <controlfield tag="001">15287588</controlfield>
  <controlfield tag="008">121010s2008    njua     b    001 0 eng d</controlfield>
  <datafield tag="999" ind1=" " ind2=" ">
   <subfield code="c">12901</subfield>
   <subfield code="d">12901</subfield>
  </datafield>
  <datafield tag="010" ind1=" " ind2=" ">
   <subfield code="a">  2008273614</subfield>
  </datafield>
  <datafield tag="020" ind1=" " ind2=" ">
   <subfield code="a">9780470128718 (pbk. : acid-free paper)</subfield>
  </datafield>
  <datafield tag="040" ind1=" " ind2=" ">
   <subfield code="a">DLC</subfield>
   <subfield code="c">DLC</subfield>
   <subfield code="d">BD-DhAAL</subfield>
  </datafield>
  <datafield tag="082" ind1="0" ind2="0">
   <subfield code="a">005.133</subfield>
   <subfield code="2">23</subfield>
  </datafield>
  <datafield tag="100" ind1="1" ind2=" ">
   <subfield code="a">Nino, Jaime.</subfield>
   <subfield code="9">29972</subfield>
  </datafield>
  <datafield tag="245" ind1="1" ind2="3">
   <subfield code="a">An introduction to programming and object-oriented design using Java /</subfield>
   <subfield code="c">Jaime Ni�no, Frederick A. Hosch.</subfield>
  </datafield>
  <datafield tag="250" ind1=" " ind2=" ">
   <subfield code="a">3rd ed.</subfield>
  </datafield>
  <datafield tag="260" ind1=" " ind2=" ">
   <subfield code="a">Hoboken, NJ :</subfield>
   <subfield code="b">J. Wiley,</subfield>
   <subfield code="c">c2008.</subfield>
  </datafield>
  <datafield tag="300" ind1=" " ind2=" ">
   <subfield code="a">xxix, 1009 p. :</subfield>
   <subfield code="b">ill. ;</subfield>
   <subfield code="c">24 cm.</subfield>
  </datafield>
  <datafield tag="541" ind1="1" ind2=" ">
   <subfield code="e">00026069</subfield>
  </datafield>
  <datafield tag="650" ind1=" " ind2="0">
   <subfield code="a">Object-oriented programming (Computer science)</subfield>
   <subfield code="9">29973</subfield>
  </datafield>
  <datafield tag="650" ind1=" " ind2="0">
   <subfield code="a">Java (Computer program language)</subfield>
   <subfield code="9">29974</subfield>
  </datafield>
  <datafield tag="700" ind1="1" ind2=" ">
   <subfield code="a">Hosch, Frederick A.</subfield>
   <subfield code="9">29975</subfield>
  </datafield>
  <datafield tag="852" ind1="1" ind2=" ">
   <subfield code="a">Ayesha Abed Library </subfield>
   <subfield code="j">General shelf</subfield>
  </datafield>
  <datafield tag="942" ind1=" " ind2=" ">
   <subfield code="2">ddc</subfield>
   <subfield code="c">BK</subfield>
  </datafield>
  <datafield tag="952" ind1=" " ind2=" ">
   <subfield code="0">0</subfield>
   <subfield code="1">0</subfield>
   <subfield code="2">ddc</subfield>
   <subfield code="4">0</subfield>
   <subfield code="6">005_133000000000000_NIN</subfield>
   <subfield code="7">0</subfield>
   <subfield code="9">21288</subfield>
   <subfield code="a">BRACUL</subfield>
   <subfield code="b">BRACUL</subfield>
   <subfield code="c">GEN</subfield>
   <subfield code="d">2012-10-10</subfield>
   <subfield code="e">Karim International</subfield>
   <subfield code="g">11900.00</subfield>
   <subfield code="l">7</subfield>
   <subfield code="m">22</subfield>
   <subfield code="o">005.133 NIN</subfield>
   <subfield code="p">3010026069</subfield>
   <subfield code="r">2022-08-01</subfield>
   <subfield code="s">2022-05-31</subfield>
   <subfield code="t">1</subfield>
   <subfield code="w">2012-10-10</subfield>
   <subfield code="y">BK</subfield>
  </datafield>
  <datafield tag="952" ind1=" " ind2=" ">
   <subfield code="0">0</subfield>
   <subfield code="1">0</subfield>
   <subfield code="2">ddc</subfield>
   <subfield code="4">0</subfield>
   <subfield code="6">005_133000000000000_NIN</subfield>
   <subfield code="7">0</subfield>
   <subfield code="9">21289</subfield>
   <subfield code="a">BRACUL</subfield>
   <subfield code="b">BRACUL</subfield>
   <subfield code="c">GEN</subfield>
   <subfield code="d">2012-10-10</subfield>
   <subfield code="e">Karim International</subfield>
   <subfield code="g">11900.00</subfield>
   <subfield code="l">6</subfield>
   <subfield code="m">105</subfield>
   <subfield code="o">005.133 NIN</subfield>
   <subfield code="p">3010026070</subfield>
   <subfield code="q">2026-06-02</subfield>
   <subfield code="r">2025-02-11</subfield>
   <subfield code="s">2025-02-11</subfield>
   <subfield code="t">2</subfield>
   <subfield code="w">2012-10-10</subfield>
   <subfield code="y">BK</subfield>
  </datafield>
  <datafield tag="952" ind1=" " ind2=" ">
   <subfield code="0">0</subfield>
   <subfield code="1">0</subfield>
   <subfield code="2">ddc</subfield>
   <subfield code="4">0</subfield>
   <subfield code="6">005_133000000000000_NIN</subfield>
   <subfield code="7">0</subfield>
   <subfield code="9">21290</subfield>
   <subfield code="a">BRACUL</subfield>
   <subfield code="b">BRACUL</subfield>
   <subfield code="c">GEN</subfield>
   <subfield code="d">2012-10-10</subfield>
   <subfield code="e">Karim International</subfield>
   <subfield code="g">11900.00</subfield>
   <subfield code="l">4</subfield>
   <subfield code="m">43</subfield>
   <subfield code="o">005.133 NIN</subfield>
   <subfield code="p">3010026071</subfield>
   <subfield code="r">2024-09-12</subfield>
   <subfield code="s">2024-09-05</subfield>
   <subfield code="t">3</subfield>
   <subfield code="w">2012-10-10</subfield>
   <subfield code="y">BK</subfield>
  </datafield>
 </record>
</collection>
